[Event "Copa Latina 2011"]
[Site "?"]
[Date "2011.11.01"]
[Round "1"]
[White "Claverie, Raúl"]
[Black "Ruggiero, Alvaro"]
[Result "1/2-1/2"]
[WhiteElo "2483"]
[BlackElo "1967"]
[PlyCount "89"]
[EventDate "2011.11.05"]
[SourceDate "2011.11.01"]

1. f4 d5 2. Nf3 Nf6 3. g3 g6 4. Bg2 c6 5. O-O Bg7 6. e3 O-O 7. Nc3 Bg4 8. h3
Bxf3 9. Qxf3 Nbd7 10. d4 e6 11. Ne2 Rc8 12. c3 c5 13. Bd2 cxd4 14. exd4 Ne4 15.
Qd3 f5 16. Kh2 Ndf6 17. Be3 Qc7 18. Rab1 Qc4 19. Qd1 Rc7 20. Bf3 Qa6 21. Nc1
Rfc8 22. Nd3 Nd7 23. Ne5 Nxe5 24. fxe5 b5 25. Be2 Qb6 26. Bg1 Bh6 27. a3 a5 28.
Qd3 Rc4 29. Qd1 R4c7 30. Qd3 Rc4 31. Qd1 R4c7 32. Bd3 Qc6 33. Qe2 Rb8 34. Rfd1
Qe8 35. g4 Qe7 36. Bxe4 Bf4+ 37. Kg2 fxe4 38. Rf1 Bg5 39. Be3 b4 40. axb4 axb4
41. cxb4 Bxe3 42. Qxe3 Rc2+ 43. Rf2 Rxf2+ 44. Qxf2 Qxb4 45. Qf6 1/2-1/2